| 000 | 00986nam a2200277 a 4500 | ||
|---|---|---|---|
| 001 | 64012 | ||
| 003 | BD-RjUL | ||
| 005 | 20211209081248.0 | ||
| 008 | 170208s1973 ii 000 0 eng d | ||
| 035 | _a(BD-RjUL)64142 | ||
| 040 |
_aANL _beng _cANL _d2509 _dBD-RjUL |
||
| 041 | _aeng | ||
| 082 | 0 | 4 |
_a954.025 _223 _bAUE 1973 |
| 100 | 1 |
_aAugustus, Frederick _9190123 |
|
| 245 | 1 | 4 |
_aThe emperor Akbar : _ba contribution towards the history of India in the 16th century / _cFrederick Augustus, Count of Noer ; translated and in part revised by Annette S. Beveridge. |
| 260 |
_aPatna, India : _bAcademica Asiatica, _cc1973. |
||
| 300 |
_a v. ; _c22 cm. |
||
| 500 | _aReprint ed. | ||
| 500 | _aIncludes index. | ||
| 505 | _avol. 1-- v. 2 -- | ||
| 600 | 0 | 0 |
_aAkbar, _cEmperor of Hindustan, _d1542-1605. _9190277 |
| 651 | 0 |
_aMogul Empire. _9190116 |
|
| 651 | 0 |
_aIndia _xHistory _y1500-1765. _9190125 |
|
| 700 | 1 |
_aBeveridge, Annette Susannah (Akroyd), _d1842-1929,. _9190126 |
|
| 942 |
_2ddc _cBK |
||
| 999 |
_c64012 _d64012 |
||